000 00618nam a2200229 a 4500
005 20140414132121.0
008 120906s19uu xx 00 eng d
020 _a9789814151573
050 _aTR 372.4
_bC736 2008
245 _aComprehension strategies 2.
260 _aPerth, Western Australia :
_bLearners Pub,
_c2008.
300 _a140
650 _aReading-comprehension-activities.
700 _aGurr, Brenda
700 _aNoble, Janine
700 _aPhillips, Geraldine
700 _aPullen, Noeline
700 _aTaborda, Deborah
700 _aTuffin, Diane
999 _c115085
_d115085